Economía / (Registro nro. 5767)

Detalles MARC
000 -LEADER
fixed length control field 01427nam a2200325Ia 4500
003 - CONTROL NUMBER IDENTIFIER
control field OSt
005 - DATE AND TIME OF LATEST TRANSACTION
control field 20200605153908.0
008 - FIXED-LENGTH DATA ELEMENTS--GENERAL INFORMATION
fixed length control field 191128s2014 mx abdogr 000 0 spa d
020 ## - INTERNATIONAL STANDARD BOOK NUMBER
International Standard Book Number 9786073222815
040 ## - CATALOGING SOURCE
Original cataloging agency CO-JMCR
Transcribing agency CO-JMCR
041 1# - LANGUAGE CODE
Language code of text/sound track or separate title spa
Language code of original eng
082 04 - DEWEY DECIMAL CLASSIFICATION NUMBER
Classification number 330.1 /
Item number P174e
Edition number 23
100 1# - MAIN ENTRY--PERSONAL NAME
Personal name Parkin, Michael,
Relator term autor
9 (RLIN) 5060
245 10 - TITLE STATEMENT
Title Economía /
Statement of responsibility, etc. Michael Parkin ; traducción Luis Óscar Madrigal Muñiz, César Germán Romero Solís ; revisión técnica de Edwin Abán Candia
250 ## - EDITION STATEMENT
Edition statement Decimoprimera edición
260 ## - PUBLICATION, DISTRIBUTION, ETC.
Place of publication, distribution, etc. México :
Name of publisher, distributor, etc. Pearson,
Date of publication, distribution, etc. 2014
300 ## - PHYSICAL DESCRIPTION
Extent xxxii, 840 páginas :
Other physical details gráficas, fotografías, mapas a color ;
Dimensions 27 cm.
504 ## - BIBLIOGRAPHY, ETC. NOTE
Bibliography, etc. note Incluye datos biográficos del autor en la página iv.
505 ## - FORMATTED CONTENTS NOTE
Formatted contents note Como funcionan los mercados -- Elecciones individuales -- Empresas y mercados -- Fallas del mercado y gobierno -- Mercados de factores, desigualdad e incertidumbre -- Seguimiento del desempeño macroeconómico -- Tendencias macroeconómicas
534 ## - ORIGINAL VERSION NOTE
Introductory phrase Economics
546 ## - LANGUAGE NOTE
Language note Traducida de inglés
650 14 - SUBJECT ADDED ENTRY--TOPICAL TERM
Topical term or geographic name entry element Economía
General subdivision Macroeconomía
9 (RLIN) 5061
650 24 - SUBJECT ADDED ENTRY--TOPICAL TERM
Topical term or geographic name entry element Política fiscal
9 (RLIN) 5062
650 24 - SUBJECT ADDED ENTRY--TOPICAL TERM
Topical term or geographic name entry element Comercio internacional
9 (RLIN) 4034
650 24 - SUBJECT ADDED ENTRY--TOPICAL TERM
Topical term or geographic name entry element Política monetaria
9 (RLIN) 2242
700 1# - ADDED ENTRY--PERSONAL NAME
Personal name Madrigal Muñiz, Luis Óscar,
Relator term traductor
9 (RLIN) 5063
700 1# - ADDED ENTRY--PERSONAL NAME
Personal name Romero Solís, César Germán,
Relator term traductor
9 (RLIN) 5064
700 1# - ADDED ENTRY--PERSONAL NAME
Personal name Abán Candia, Edwin,
Relator term revisor
9 (RLIN) 5065
942 ## - ADDED ENTRY ELEMENTS (KOHA)
Source of classification or shelving scheme Dewey Decimal Classification
Koha item type Books
Existencias
Withdrawn status Lost status Source of classification or shelving scheme Materials specified (bound volume or other part) Damaged status Not for loan Home library Current library Shelving location Date acquired Source of acquisition Cost, normal purchase price Total Checkouts Full call number Barcode Date last seen Copy number Price effective from Koha item type
    Dewey Decimal Classification Donación--15/04/2018--     Biblioteca Pública José María del Castillo y Rada Biblioteca Pública José María del Castillo y Rada General Stacks 11/28/2019 Donación 0.00   330.1 / P174e 430005080 05/16/2024 Ej.2 11/28/2019 Books
    Dewey Decimal Classification Donación--15/04/2018--     Biblioteca Pública José María del Castillo y Rada Biblioteca Pública José María del Castillo y Rada General Stacks 11/28/2019 Donación 0.00   330.1 / P174e 430005079 05/16/2024 Ej.1 11/28/2019 Books